000 00288nam a22001337a 4500
008 170830b xxu||||| |||| 00| 0 eng d
020 _a9780136655718
041 _aeng
080 _22ND
_a070
100 _a40
101 _aMED
245 _aPHOTO-JOURNALISM
_cHOY,F.P
942 _2udc
_cBK
999 _c25586
_d25586